<Die> Wiedererrichtung der östlichen Bundesländer.

Vytvorenie nových spolkových krajín vo východnej časti Nemecka po r. 1989. Veľkosť a výkonnosť jednotlivých spolkových krajín, podľa počtu obyvateľov. Historicko-kultúrne a krajinné súvislosti. Požiadavky priestorového usporiadania a územného plánovania.

Gespeichert in:
Bibliographische Detailangaben
1. Verfasser: Rutz, W.
Format: Buchkapitel
Sprache:Deutsch
Schlagworte:
Tags: Tag hinzufügen
Keine Tags, Fügen Sie das erste Tag hinzu!

MARC

LEADER 00000naa a2200000 4500
001 r008909
005 20221130103834.6
041 0 |a ger 
044 |a DE 
245 1 0 |a <Die> Wiedererrichtung der östlichen Bundesländer.  |c W. Rutz 
520 |a Vytvorenie nových spolkových krajín vo východnej časti Nemecka po r. 1989. Veľkosť a výkonnosť jednotlivých spolkových krajín, podľa počtu obyvateľov. Historicko-kultúrne a krajinné súvislosti. Požiadavky priestorového usporiadania a územného plánovania. 
610 2 0 |a rozmiestenie územné 
610 2 0 |a plánovanie územné 
610 2 0 |a východné Nemecko 
610 2 0 |a Nemecko 
610 2 0 |a 1989 
610 2 0 |a obyvateľstvo 
610 2 0 |a údaje štatistické 
100 1 |a Rutz, W.